| 000 | 00963nam a2200253 i 4500 | ||
|---|---|---|---|
| 001 | 153670 | ||
| 003 | ES-MaACL | ||
| 005 | 20250630203629.0 | ||
| 008 | 010827s1873 fr |||| | latod | ||
| 040 |
_aNA _bspa _cNA |
||
| 245 | 0 | 0 |
_aEpistolographoi ellenikoi _b= Epistolographi graeci / _crecensuit reccgnovit [sic] adnotatione critica et indicibus instruxit Rudolphus Hercher ; accedunt Francisci Boissonadii ad synesium notae ineditae. |
| 260 |
_aParisiis : _beditore Ambrosio Firmin Didot, _c1873. |
||
| 300 |
_aXCI, 843 p. ; _c26 cm. |
||
| 490 | 1 | _aCollection auteurs grecgues | |
| 594 | _aTexto paralelo griego-latín. | ||
| 597 | _aSignaturizado. | ||
| 650 | 4 |
_aCartas griegas. _9163121 |
|
| 700 | 1 |
_aHercher, Rudolf, _d1821-1878 _9127868 |
|
| 700 | 1 |
_aBoissonade, Jean François. _9163119 |
|
| 830 | 0 |
_aCollection auteurs grecgues _9221428 |
|
| 852 |
_aES-MaACL _jB-2474 _z-- Enc. hol. |
||
| 999 |
_c153670 _d153670 |
||